000 00715cam a2200253 a 4500
001 000015066
005 20240510073816.0
008 000720s1999 ck 000 | spa d
020 _a9586146944
040 _aDO-SdBNP
_cDLC
_dBNPHU
082 _a100
_bR436f
100 1 _aRestrepo, Jorge,
_d1939-
_934111
245 1 0 _aFilosofía para profanos /
_cJorge Restrepo.
260 _aSantafé de Bogotá :
_bAriel,
_c1999.
300 _a266 p. ;
_c22 cm.
650 0 _aFilosofía
_9813
650 4 _aModernidad
_91350
650 4 _aMetafísica
_919469
650 4 _aRacionalismo
_934112
650 4 _aNihilismo
_934113
650 4 _aVida cotidiana
_9814
910 _aCatalogación por copia / LC
049 _aBNGR
999 _c14638
_d14638